| 000 | 01411nam a22003377a 4500 | ||
|---|---|---|---|
| 005 | 20240530110817.0 | ||
| 008 | 190702s2019 ua af g b 000 0 ara d | ||
| 017 |
_a22583 _bمصر. دار الكتب |
||
| 020 | _a9789773145163 | ||
| 040 |
_aEG-CaGPL _cEG-CaGPL |
||
| 082 | 0 | 4 |
_221 _a355.8/ _bع د |
| 100 | 0 | _aعبدالناصر ياسين | |
| 245 | 1 | 0 |
_aدراسات وبحوث حضارية اثارية عن الاسلحة عبر العصور الاسلامية. _nالجزء الثانى، _pالاسلحة الهجومية : ( السيوف - الخناجر - البلط - الدبابيس - الرماح - القسى - المنجيقات ) / _cعبدالناصر ياسين |
| 250 | _aط1 | ||
| 260 |
_aالقاهرة : _bمكتبة زهراء الشرق ، _c2019. |
||
| 300 |
_a351.ص : _bايض ؛ _c24 سم. |
||
| 504 | _aيشتمل على ارجاعات ببليوجرافية | ||
| 650 | 0 | 7 |
_2qrmak _aالاسلحة |
| 650 | 0 | 7 |
_2qrmak _aالمعدات العسكرية |
| 650 | 0 | 7 |
_2qrmak _aالاسلحة _xتاريخ |
| 650 | 0 | 7 |
_2qrmak _aالسيوف |
| 650 | 0 | 7 |
_2qrmak _aالخناجر |
| 650 | 0 | 7 |
_2qrmak _aالبلط |
| 650 | 0 | 7 |
_2qrmak _aالرماح |
| 650 | 0 | 7 |
_2qrmak _aالمنجيقات |
| 650 | 0 | 7 |
_2qrmak _aالقسى |
| 651 | _2qrmak | ||
| 653 | 0 | _aالاسلحة - العصور الاسلامية | |
| 942 |
_2ddc _cBK |
||
| 999 |
_c65293 _d65293 |
||